000 00507cam a2200205ua 4500
001 4303
005 20260515113819.0
008 111223n ii |||gr||||Z||||||eng
020 _a81-7062-017-1
040 _cMAIN
082 _a305.4
100 1 _aBrilliant, Fredda,
_eAuthor.
245 1 1 _aWomen in power
_cby Fredda Brilliant
250 _a1st.
260 _aDelhi:
_bLancer international,987.
300 _a506p:
_c23cm.
653 _asocial group of women
653 _aWomen in power
942 _cBK
999 _c4118
_d4118